Anales Nestlé (Registro nro. 4816)

Detalles MARC
000 -CABECERA
campo de control de longitud fija 00436nas a22001817a 4500
003 - IDENTIFICADOR DEL NÚMERO DE CONTROL
campo de control AR-RoIUNI
005 - FECHA Y HORA DE LA ÚLTIMA TRANSACCIÓN
campo de control 20190625160234.0
008 - DATOS DE LONGITUD FIJA--INFORMACIÓN GENERAL
campo de control de longitud fija 190625b xxu||||| |||| 00| 0 spa d
022 ## - NÚMERO INTERNACIONAL NORMALIZADO PARA PUBLICACIONES SERIADAS
Número Internacional Normalizado para Publicaciones Seriadas 0527-8606
040 ## - FUENTE DE LA CATALOGACIÓN
Centro/agencia transcriptor AR-RoIUNI
080 ## - NÚMERO DE LA CLASIFICACIÓN DECIMAL UNIVERSAL
Número de la Clasificación Decimal Universal 616-053 ANN
245 1# - MENCIÓN DE TÍTULO
Título Anales Nestlé
260 ## - PUBLICACIÓN, DISTRIBUCIÓN, ETC. (PIE DE IMPRENTA)
Lugar de publicación, distribución, etc. Suiza
Nombre del editor, distribuidor, etc. Nestlé Nutrition
300 ## - DESCRIPCIÓN FÍSICA
Extensión v.
Dimensiones 24 cm.
362 ## - FECHAS DE PUBLICACIÓN Y/O DESIGNACIÓN SECUENCIAL
Fecha de publicación y/o designación secuencial Basado en Vol. 61, no. 1 (2003)
650 10 - PUNTO DE ACCESO ADICIONAL DE MATERIA--TÉRMINO DE MATERIA
9 (RLIN) 125
Término de materia o nombre geográfico como elemento inicial Pediatría
942 ## - ELEMENTOS DE PUNTO DE ACCESO ADICIONAL (KOHA)
Fuente del sistema de clasificación o colocación Clasificación Decimal Universal
Tipo de ítem Koha Recursos Continuos
Existencias
Estado de retiro Estado de pérdida Fuente del sistema de clasificación o colocación Estado dañado Excepción de préstamo Código de colección Localización permanente Ubicación/localización actual Ubicación en estantería Fecha de adquisición Enumeración/cronología de publicación seriada Número de inventario Total de préstamos Signatura topográfica completa Código de barras Fecha visto por última vez Precio válido a partir de Tipo de ítem Koha
    Clasificación Decimal Universal     Medicina BIBLIOTECA CENTRAL BIBLIOTECA CENTRAL BIBLIOTECA CENTRAL 16/06/2015 Vol. 63, no. 3 (2006) 1203   616-053 ANA 1203c 16/06/2015 16/06/2015 Recursos Continuos
    Clasificación Decimal Universal       BIBLIOTECA CENTRAL BIBLIOTECA CENTRAL BIBLIOTECA CENTRAL 25/06/2019 Vol. 63, no. 3 (2006) 6238   616-053 ANN 6238c 25/06/2019 25/06/2019 Recursos Continuos
    Clasificación Decimal Universal       BIBLIOTECA CENTRAL BIBLIOTECA CENTRAL BIBLIOTECA CENTRAL 25/06/2019 Vol. 63, no. 2 (2005) 6239   616-053 ANN 6239c 25/06/2019 25/06/2019 Recursos Continuos
    Clasificación Decimal Universal       BIBLIOTECA CENTRAL BIBLIOTECA CENTRAL BIBLIOTECA CENTRAL 25/06/2019 Vol. 61, no. 1 (2003) 6240   616-053 ANN 6240c 25/06/2019 25/06/2019 Recursos Continuos